000 01014cad a22002655a 4500
001 E151613
008 101122s2010 xxk f 100 0 eng d
020 _a9781842196199
035 _a(Sirsi) u151613
041 0 _aeng
100 1 _aYusoff, Wan Zahari Wan
111 2 _aConstruction and Building Research Conference
_cDauphine Universite, Paris
_d2-3 September 2010
245 0 2 _aA study of return on investment for commercial property in Johore State, Malaysia
_h[electronic resource]
260 _aLondon
_bRICS
_c2010
520 _aA paper presented at the COBRA Conference in Paris on 2-3 September 2010.
590 _aKA
650 2 4 _aCONSTRUCTION AND BUILDING RESEARCH CONFERENCE (COBRA)
651 4 _aMalaysia
_y1965-
690 _aPROPERTY-COMMERCIAL PROPERTY
700 1 _aJuanil, David Martin
700 1 _aAlias, Anuar
700 1 _aAli, Azlan Shah
856 4 0 _uhttps://www.rics.org/site/scripts/download_info.aspx?fileID=8128&categoryID=720
_zBroken link - not available
942 _n0
999 _c111483
_d111483